| 000 | 00459cam a22001571 4500 | ||
|---|---|---|---|
| 082 |
_a621.56 _bHOL _cL-8, P-5 |
||
| 100 | 1 |
_aHolmes, Richard E. _941860 |
|
| 245 | 1 | 0 |
_aAir conditioning in summer and winter. _bRichard E. Holmes |
| 250 | _a2d ed. | ||
| 260 |
_aNew York, _bMcGraw-Hill, _c1951. |
||
| 300 |
_a352 p. _billus. _c24 cm. |
||
| 526 |
_a0 _b0 _c0 _d621_560000000000000_HOL |
||
| 650 | 0 |
_aAir conditioning. _919032 |
|
| 650 | 0 |
_aMCE _9379 |
|
| 942 |
_2ddc _cBK |
||
| 999 |
_c545879 _d545879 |
||